000 01584cam a22003734i 4500
003 PE-LiUPU
005 20250731183351.0
008 150617s r 000 0 d
035 _a(Sirsi) a16253
040 _aPE-LiUPU
_bspa
_cPE-LiUPU
_erda
049 _aPRUA
082 0 4 _a780.9
_bT16
_221
100 1 _aTalamon, Gaston O.,
_eautor.
245 1 0 _aHistoria de la música del siglo XVIII a nuestros dias.
264 1 _aBuenos Aires :
_bRicordi Americana,
_c[s.f.].
300 _a380 páginas retratos ;
_c22 cm
336 _atext
_2rdacontent
337 _aunmediated
_2rdamedia
338 _avolume
_2rdacarrier
505 0 _aLa música en el siglo XVIII -- La música vocal monodica -- La sonata -- La sinfonia -- Arte sacro -- Literatura del órgano -- La literatura del clave -- El violin -- Aparición del piano y de su literatura -- el concierto -- Música sacra -- Teatro musical -- La música del siglo XX -- La opereta -- El baile mundano.
526 _aP158
526 _aP146
526 _aP17
526 _aP12
526 _aP06
650 0 4 _aMUSICA
_xHISTORIA.
_92273
910 _ajck
_bjvq
_cjck
_d20150616
942 _2ddc
_cBOOK
949 _a780.9 T16
_wDEWEY
_c1
_i16370
_lCCODEBUL1
_mBUL
_p
_r0
_sY
_tBOOK
_u19781120
_xBIBLIOTECA
_zUNKNOWN
_0COMPRA
_o.STAFF. Colección General
994 _aC0
_bPEPRU
596 _a1
999 _a780.9 T16
_wDEWEY
_c11495
_i16370
_d11495
_e2018-8-21
_f2021-11-5
_g5
_lCCODEBUL1
_mBUL
_n2
_r0
_sY
_tBOOK
_u2015-6-17
_xBIBLIOTECA
_zUNKNOWN
_0COMPRA
_o.STAFF. Colección General
980 _81
_gALBERTO SANCHEZ Responsable de Automatización